000 00840cam a22002657a 4500
008
020 _a9781412945578 (pbk.)
049 _aMAIN
090 _aQA278.3
_bBLU
100 1 _aBlunch, Niels J.
245 1 0 _aIntroduction to structural equation modelling using SPSS and AMOS /
_cNiels J. Blunch.
260 _aLos Angeles :
_bSAGE,
_c2008.
300 _avii, 270 p. :
_bill. ;
_c25 cm.
504 _aIncludes bibliographical references.
500 _aIncludes index.
650 0 _aStructural equation modeling
_xData processing.
650 1 7 _aStructurele vergelijkingen.
_2gtt
650 1 7 _aSPSS
_2gtt
650 1 7 _aAmos (computerprogramma)
_2gtt
907 _a.b10283493
_b17-09-10
_c17-09-10
003
005 20230123125045.0
040 _cNUST
942 _cBOOKS
_kQA278.3
_mBLU
999 _c134948
_d134948